Palmarès du Soulier d'or européen - Statistiques

Statistiques générales
  • Ce quiz a été pris 713 fois
    230 depuis la dernière actualisation
  • Le résultat moyen est 24 sur 31
Statistiques - réponses
SAISON PAYS CLUB NOMBRE DE BUTS JOUEUR % Correct
2007/08 Portugal Manchester United 31 Cristiano Ronaldo
100%
2010/11 Portugal Real Madrid 40 Cristiano Ronaldo
100%
2013/14 Portugal Real Madrid 31 Cristiano Ronaldo
100%
2014/15 Portugal Real Madrid 48 Cristiano Ronaldo
100%
2024/25 France Real Madrid 31 Kylian Mbappé
99%
2009/10 Argentine FC Barcelone 34 Lionel Messi
99%
2011/12 Argentine FC Barcelone 50 Lionel Messi
99%
2012/13 Argentine FC Barcelone 46 Lionel Messi
99%
2016/17 Argentine FC Barcelone 37 Lionel Messi
99%
2017/18 Argentine FC Barcelone 34 Lionel Messi
99%
2018/19 Argentine FC Barcelone 36 Lionel Messi
99%
Uruguay FC Barcelone 31 Luis Suarez
99%
2015/16 Uruguay FC Barcelone 40 Luis Suarez
99%
2022/23 Norvège Manchester City 36 Erling Haaland
98%
1996/97 Brésil FC Barcelone 34 Ronaldo
98%
2023/24 Angleterre Bayern Munich 36 Harry Kane
97%
2020/21 Pologne Bayern Munich 41 Robert Lewandowski
97%
2021/22 Pologne Bayern Munich 35 Robert Lewandowski
97%
2003/04 France Arsenal 30 Thierry Henry
97%
2004/05 France Arsenal 25 Thierry Henry
97%
2019/20 Italie Lazio Rome 36 Ciro Immobile
85%
Uruguay Villarreal 25 Diego Forlan
81%
2008/09 Uruguay Atlético Madrid 32 Diego Forlan
81%
2006/07 Italie AS Roma 26 Francesco Totti
76%
2000/01 Suède Celtic Glasgow 35 Henrik Larsson
37%
2005/06 Italie Fiorentina 31 Luca Toni
28%
2002/03 Pays-Bas Dep. La Corogne 29 Roy Makaay
16%
1998/99 Brésil FC Porto 36 Mario Jardel
14%
2001/02 Brésil Sporting CP 42 Mario Jardel
14%
1999/00 Angleterre Sunderland 30 Kevin Phillips
2%
1997/98 Grèce Vitesse Arnhem 34 Nikos Machlas
1%
Aucun quiz correspondant
Distribution des résultats
% des personnes avec chaque résultat
Percentile par nombre de réponses
Votre historique - résultats
Vous n’avez pas pris ce quiz depuis la dernière actualisation